Actors / Actresses by their Characters #24 - Statistics

General Stats
  • This quiz has been taken 65 times
  • The average score is 4 of 10
Answer Stats
Hint Answer % Correct
Eleven, Enola Holmes, Madison Russell, Madison O'Donnell Millie Bobby Brown
70%
Peter Parker / Spider-Man, Nathan Drake, Bradley Baker, Ian Lightfoot Tom Holland
70%
Dr. Frasier Crane, Sideshow Bob, Dr. Hank McCoy / Beast, Vladimir "Vlad" Vasilovich Kelsey Grammer
58%
Sansa Stark, Jean Grey / Phoenix, Margaret Ratliff, Debbie Sophie Turner
42%
Lorraine Baker, Elizabeth "Lizzie" McGuire, Samantha "Sam" Montgomery, Kelsey Peters Hilary Duff
40%
SSA Leroy Jethro Gibbs, Ryan, Dr. Jack McNeil, Dr. Robert Caldwell Mark Harmon
30%
Jeanine Stifler, Amanda Buffamonteezi, Sophie Kaczyński, Paulette Bonafonté Parcelle Jennifer Coolidge
25%
Cameron James, Rex Lewis / Cobra Commander, Robin "John" Blake, Tommy Solomon Joseph Gordon-Levitt
16%
Seth, Matthew Van Der Wyk, Donnie Azoff, Morton Schmidt Jonah Hill
9%
Gilda Mundson, Judy MacPherson, Rusty Parker / Maribelle Hicks, Virginia Brush Rita Hayworth
9%
No matching quizzes found
Score Distribution
Percent of People with Each Score
Percentile by Number Answered
Your Score History
You have not taken this quiz